Ako začať s podnikaním
Pokračovanie seriálu článkov o podnikaní. Podnikať sa oplatí. S čím podnikať. Ako žačať podnikať. Ako predať vedomosti a schopnosti. Ako začať podnikať bez rizika.
Na minha lista:
| Autor principal: | |
|---|---|
| Formato: | Capítulo de Livro |
| Idioma: | eslovaco |
| Assuntos: | |
| Tags: |
Sem tags, seja o primeiro a adicionar uma tag!
|
MARC
| LEADER | 00000naa a2200000 4500 | ||
|---|---|---|---|
| 001 | 0124539 | ||
| 005 | 20230912094817.7 | ||
| 041 | 0 | |a slo | |
| 044 | |a SK | ||
| 245 | 1 | 0 | |a Ako začať s podnikaním |c Jiří Nosek |
| 520 | |a Pokračovanie seriálu článkov o podnikaní. Podnikať sa oplatí. S čím podnikať. Ako žačať podnikať. Ako predať vedomosti a schopnosti. Ako začať podnikať bez rizika. | ||
| 610 | 2 | 0 | |a podnikanie |
| 610 | 2 | 0 | |a podnikatelia |
| 610 | 2 | 0 | |a vedomosti |
| 610 | 2 | 0 | |a vzdelávanie |
| 610 | 2 | 0 | |a schopnosti pracovné |
| 610 | 2 | 0 | |a kapitál |
| 610 | 2 | 0 | |a dodávatelia |
| 610 | 2 | 0 | |a odberatelia |
| 610 | 2 | 0 | |a obchod |
| 610 | 2 | 0 | |a predaj |
| 100 | 1 | |a Nosek, Jiří | |